000 00571nam a22002057a 4500
005 20260515115035.0
008 240905b |||||||| |||| 00| 0 eng d
020 _a9789358490299
040 _aIN-DiNC
_cIN-DiNC
041 _dasm
082 _a954
_bHUS
100 _aHussain, Tachadduk Amanul
_eauthor
245 _aBharatbarshar parichay/
_cby Tachadduk Amanul Hussain and Jitu Koiri
250 _a5th rev. ed.
260 _aDibrugarh:
_bBanalata,
_c2024.
300 _a178p.
650 _aUnderstanding India
700 _aKoiri, Jitu
_eauthor
942 _2ddc
_cBK
999 _c11913
_d11913